000 00413nam a2200109Ia 4500
008 260427s2019 xx 000 0 und d
041 _ahin
100 _aगो. वि. कुलकर्णी
245 _aया वयात हे असंच असतं
260 _bअभिनंदन प्रकाशन, मंगळवार पेठ, कोल्हापूर
_c2019
300 _aSoft/P-280
999 _c1221090
_d1221090